000 00369nam a2200133Ia 4500
008 260604s9999 xx 000 0 und d
020 _a9780141345154
082 _a791.43 KIN
100 _aKinney, Jeff
_935322
245 0 _aWimpy Kid Movie Diary : How Greg Heffley Went Hollywood : Dog Days
260 _bPenguin Puffin (UK)
500 _aKid Movie Diary
942 _cBK
999 _c8101
_d8101